Statystyki dla 10 Ostatnich zwycięzców Turnieju Czterech Skoczni

Kliknij tutaj aby rozwiązać quiz!

Ogólne statystyki

  • Ten quiz został rozwiązany 254 razy
  • Średni wynik to 7 z 10

Statystyki odpowiedzi

SezonSkoczek% Poprawnych
2017/18Kamil Stoch
98%
2018/19Ryoyu Kobayashi
93%
2016/17Kamil Stoch
91%
2015/16Peter Prevc
78%
2014/15Stefan Kraft
73%
2013/14Thomas Diethart
54%
2011/12Gregor Schlierenzauer
52%
2010/11Thomas Morgenstern
51%
2012/13Gregor Schlierenzauer
50%
2009/10Andreas Kofler
38%

Rozkład punktacji

Percentyl według liczby udzielonych odpowiedzi

Procent ludzi z każdym wynikiem

Twoja historia wyników

Nie rozwiązałeś tego quizu